000 00740cab a2200253 4500
001 WB3329-59
008 090401t1997 xxu||||| |||| 00| 0 eng d
035 _a(Sirsi) u79859
041 _aeng
245 _aM25 scheme scrapped
260 _c1997
350 _a0
490 _aTimes
_v24 July 1997, 9
490 _aDaily Telegraph
_v24 July 1997, 10(1)
520 _aPlans to widen part of the M25 to 12 lanes and for a by-pass for Salisbury are rejected by John Prescott on economic and environmental grounds.
650 _aM25
650 _aROAD PROJECTS
650 _aROAD SCHEMES
650 _aROAD WIDENING
650 _aSALISBURY BYPASS
690 _aTRANSPORT AND COMMUNICATIONS
942 _n0
948 _c24/07/1997
999 _c50252
_d50252